Villes célèbres pour le décès d'une personnalité - Statistiques

Statistiques générales
  • Ce quiz a été pris 1 559 fois
    564 depuis la dernière actualisation
  • Le résultat moyen est 13 sur 24
Statistiques - réponses
Nom Cause de mort Ville % Correct
Diana Spencer Accident de la route Paris
92%
Jules César Assassinat Rome
91%
John F. Kennedy Assassinat Dallas
87%
Adolf Hitler Suicide Berlin
85%
François-Ferdinand d'Autriche Assassinat Sarajevo
75%
Socrate Peine de mort / Suicide Athènes
71%
Wolfgang Amadeus Mozart (Incertaine) Vienne
71%
John Lennon Assassinat New York
66%
Mahatma Gandhi Assassinat Delhi
64%
Jeanne d'Arc Bûcher Rouen
64%
Amy Winehouse Overdose d'alcool Londres
59%
Cléopâtre VII Suicide Alexandrie
53%
Abraham Lincoln Assassinat Washington DC
53%
Marilyn Monroe Suicide Los Angeles
52%
Pablo Escobar Abattu Medellín
50%
Léon Trotsky Assassinat Mexico
42%
Yitzhah Rabin Assassinat Tel Aviv
42%
Mahomet (Incertaine) Médine
40%
Mère Teresa Crise cardiaque Calcutta
36%
Anouar el-Sadate Assassinat Le Caire
35%
Kurt Cobain Suicide Seattle
29%
Martin Luther King Assassinat Memphis
27%
Bruce Lee Œdème cérébral Hong Kong
20%
Alexandre le Grand (Incertaine) Babylone
14%
Aucun quiz correspondant
Distribution des résultats
% des personnes avec chaque résultat
Percentile par nombre de réponses
Votre historique - résultats
Vous n’avez pas pris ce quiz depuis la dernière actualisation